NBA Lakers Legends - Statistics

General Stats
  • This quiz has been taken 45 times
    22 since last reset
  • The average score is 19 of 36
Answer Stats
NBA Players % Correct
Kareem Abdul-Jabbar
94%
Kobe Bryant
94%
LeBron James
94%
Magic Johnson
94%
Shaquille O'Neal
89%
Wilt Chamberlain
89%
Anthony Davis
83%
Elgin Baylor
83%
Jerry West
83%
James Worthy
78%
Pau Gasol
67%
Russell Westbrook
61%
Derek Fisher
56%
Gail Goodrich
56%
George Mikan
56%
Byron Scott
50%
Carmelo Anthony
50%
Dwight Howard
50%
Karl Malone
50%
Michael Cooper
50%
Norm Nixon
50%
Steve Nash
50%
Jamaal Wilkes
44%
Lamar Odom
44%
Vern Mikkelsen
39%
Bob McAdoo
33%
Dennis Rodman
33%
Robert Horry
33%
A.C. Green
28%
Gary Payton
28%
Nick Van Exel
28%
Clyde Lovelette
22%
Jim Pollard
22%
Rick Fox
22%
Mychal Thompson
11%
Nick Young
6%
No matching quizzes found
Score Distribution
Percent of People with Each Score
Percentile by Number Answered
Your Score History
You have not taken this quiz since the last reset